Statystyki dla Najpopularniejsze Polskie Piosenki RAPOWE Spotify 2021

Kliknij tutaj aby rozwiązać quiz!

Ogólne statystyki

  • Ten quiz został rozwiązany 3 850 razy
  • Średni wynik to 17 z 35

Statystyki odpowiedzi

RaperPiosenka% Poprawnych
KizoDisney
86%
Young LeosiaSzklanki
84%
MataKiss Cam
81%
MataPatoreakcja
80%
SobelBandyta
73%
SobelFiołkowe Pole
70%
OIOWorki W Tłum
70%
OIOAmerykańskie Teledyski
63%
MataSzafir
62%
SobelImpreza
58%
Young LeosiaJungle Girl
58%
White 2115California
57%
MataSchodki
57%
GuziorBLUEBERRY
54%
SmolastyDuże Oczy
54%
GuziorFALA
53%
Zdechły OsaPATOLOVE
53%
AlbertoDwutakt
50%
MataSzmata
50%
MataPapuga
46%
EkipaZygzak
46%
SobelKinol
42%
WiatrTestarossa
39%
RetoBilly Kid
38%
OIOPrzypadkiem
37%
ChivasMam Na Twarzy Krew I Tym Razem Nie Jest Sztuczna
32%
KizoNasze Lato
32%
MataGombao 33
31%
QuebonafideBUBBLETEA
29%
MagieraDrobna Zabawa
28%
ŻabsonPuerto Bounce
26%
SobelAlien
23%
KizoFitness
18%
MataLa la la (Oh Oh)
17%
ŻabsonOBOK
17%

Rozkład punktacji

Percentyl według liczby udzielonych odpowiedzi

Procent ludzi z każdym wynikiem

Twoja historia wyników

Nie rozwiązałeś tego quizu